000 00772nam a22002297a 4500
003 UA-OsUOA
001 104237
007 ta
008 20131209b un ||||| |||| 00| 0 ukr d
090 _a340(477)(082)
_bЗ-65
942 _cBK
040 _aUA-OsUOA
_bukr
_cUA-OsUOA
_dUA-OsUOA
245 _aЗаконодавство України: проблеми вдосконалення
_bзбірник наукових праць
_cГол. ред. В. Ф. Опришко
300 _a288 с.
955 _a2
041 _aukr
080 _a340(477)(082)
260 _aК.
_c2001
250 _nвипус 7
650 7 _a340 Право в цілому. Пропедевтика. Методи та допоміжні правничі науки
_2UDC
999 _c390659
_d390659